[Event "Cairo Egyptian op"]
[Site "Cairo"]
[Date "2016.04.28"]
[Round "9"]
[White "El Ghazali, Youssef M"]
[Black "Abdel Aziz, Ahmed"]
[Result "0-1"]
[WhiteElo "2320"]
[BlackElo "2065"]
[PlyCount "80"]
[EventDate "2016.04.22"]
[EventType "swiss"]
[EventRounds "9"]
[EventCountry "EGY"]
[SourceTitle "CBM 172 Extra"]
[Source "ChessBase"]
[SourceDate "2016.06.21"]
[SourceVersion "1"]
[SourceVersionDate "2016.06.21"]
[SourceQuality "1"]

1. c4 e5 2. Nc3 Nf6 3. g3 d5 4. cxd5 Nxd5 5. Bg2 Nb6 6. d3 Be7 7. Be3 0-0 8. Rc1 Nc6 9. Bxc6 bxc6 10. Nf3 Nd5 11. Bd2 f6 12. Ne4 Kh8 13. Qa4 Rb8 14. b3 f5 15. Nc5 Rb5 16. Qxa7 e4 17. dxe4 Bxc5 18. Rxc5 fxe4 19. Rxb5 exf3 20. Rb8 Qe7 21. 0-0 Qxe2 22. Qd4 Qe6 23. Qh4 Qe2 24. Bc1 Qxf1+ 25. Kxf1 Ba6+ 26. Ke1 Rxb8 27. Qe4 Be2 28. a3 Rd8 29. Bd2 h6 30. Qd4 Kg8 31. Qc5 Re8 32. Bc3 Rd8 33. Bd4 Nf6 34. Qe5 Kf7 35. Qc5 Rd5 36. Qa7 c5 37. Qxc7+ Kg6 38. Kd2 cxd4 39. Qc6 Re5 40. Qd6 Kf7 0-1

[Event "Cairo Masters op"]
[Site "Cairo"]
[Date "2014.02.23"]
[Round "5"]
[White "Abdel Aziz, Ahmed"]
[Black "Atea, Khaled"]
[Result "0-1"]
[WhiteElo "2127"]
[BlackElo "2203"]
[PlyCount "108"]
[EventDate "2014.02.20"]
[EventType "swiss"]
[EventRounds "9"]
[EventCountry "EGY"]
[SourceTitle "EXT 2015"]
[Source "ChessBase"]
[SourceDate "2014.11.20"]
[SourceVersion "1"]
[SourceVersionDate "2014.11.20"]
[SourceQuality "1"]

1. e4 c5 2. Nf3 e6 3. c3 d5 4. e5 Qb6 5. d4 Bd7 6. Be2 Bb5 7. c4 Bxc4 8. Bxc4 dxc4 9. d5 exd5 10. Qxd5 Nc6 11. e6 fxe6 12. Qxe6+ Nce7 13. Qh3 g6 14. 0-0 Bg7 15. Na3 Nf6 16. Nxc4 Qa6 17. b3 0-0 18. Bb2 Nfd5 19. g3 b5 20. Nce5 Rad8 21. a4 b4 22. Ng5 Rfe8 23. Ngf7 Rc8 24. Nh6+ Bxh6 25. Qxh6 Nc3 26. Rae1 Ned5 27. Qh4 Qd6 28. Nf7 Kxf7 29. Qxh7+ Kf6 30. Re3 Nxe3 31. fxe3+ Ke5 32. Bxc3+ bxc3 33. Qg7+ Ke4 34. Qxc3 Rf8 35. Qc2+ Ke5 36. Rd1 Qc6 37. Qc3+ Ke6 38. Qg7 Rg8 39. Qh7 Rcf8 40. e4 Qxe4 41. Qd7+ Kf6 42. Rf1+ Kg5 43. Qd2+ Kh5 44. Qd1+ Kh6 45. Qd2+ Kh7 46. Qd7+ Rg7 47. Qh3+ Kg8 48. Rxf8+ Kxf8 49. Qc8+ Kf7 50. Qd7+ Qe7 51. Qd5+ Kf8 52. Qa8+ Qe8 53. Qd5 Qe3+ 54. Kg2 Re7 0-1